Les Dignitaires de Vichy - Statistiques

Statistiques générales
  • Ce quiz a été pris 107 fois
  • Le résultat moyen est 3 sur 10
Statistiques - réponses
Par images Réponse % Correct
Philippe Pétain
100%
Pierre Laval
76%
François Darlan
43%
Joseph Darnand
33%
René Bousquet
30%
Marcel Déat
29%
Fernand de Brinon
10%
Jacques Benoist-Méchin
7%
Paul Marion
5%
Paul Baudouin
2%
Aucun quiz correspondant
Distribution des résultats
% des personnes avec chaque résultat
Percentile par nombre de réponses
Votre historique - résultats
Vous n’avez pas pris ce quiz